000 00606nam a2200181Ia 4500
999 _c35903
_d35903
001 1797
003 GE_BSU
005 20221003123053.0
008 181216s2010||||ge |||||||||||||| ||geo||
040 _cGE_BSU
041 _ageo
080 _a342.4 ს–32
245 _aსაქართველოს კონსტიტუცია :
_b2010 წლის 1 ივლისის მდგომარებით /
264 _aბათუმი,
_c2010.
300 _a207 გვ.;
_b20 სმ.
653 _aსაქართველოს კონსტიტუცია
942 _cBK
_2udc